000 00817nmm a2200241 a 4500
001 ocm000701369
003 TR-IsHL
005 20201028140211.0
008 131212s1971 tu tur
007 cr cn
035 _a701369
_b(N$T)
050 0 4 _aHC492
_b.T875 1971
090 0 4 _aHC492
_b.T875 1971
245 1 0 _aTürkiye'nin ekonomik, siyasi durumu ve ana sorunları
_h[electronic resource]
260 _aİstanbul :
_bİstanbul Ticaret Odası,
_c1971
300 _a30 p.
650 4 _aEkonomi ve Finans
650 4 _aEconomics and Finance
650 0 _aTürkiye
_x Ekonomik gelişim
650 0 _aTurkey
_x Ekonomic conditions
650 7 _aBUSINESS & ECONOMICS / Economic Conditions
_2bisacsh
856 4 0 _uhttp://search.ebscohost.com/login.aspx?direct=true&scope=site&db=e011xww&AN=701369
999 _c7159
_d7159